000 00351nam a2200145Ia 4500
008 151213s9999 xx 000 0 und d
100 _aJoseph Conard
245 _aUnder Western Eyes
_cJoseph Conard
250 _a1st
260 _aU K.U K.
_bPenguing Book
_c1911
300 _a4533 p.
650 _aEnglish
700 _aJoseph Conard
999 _c2908
_d2908